Statistics for Ginny Weasley

Click here to take the quiz!

General Stats

  • This quiz has been taken 211 times
  • The average score is 10 of 15

Answer Stats

HintAnswer% Correct
Daughter ofMolly Weasley
92%
MarriedHarry Potter
91%
School she attendedHogwarts
90%
Daughter ofArthur Weasley
88%
House she's inGryffindor
86%
Second ChildAlbus Severus Potter
75%
Blood statusPure blood
70%
Year she started school1992
67%
Year she finished school1999
65%
First ChildJames Sirius Potter
64%
Third ChildLily Luna Potter
63%
Full NameGinevra Molly Weasley
50%
Played professional quidditch forHolyhead Harpies
35%
Positions in QuidditchChaser and Seeker
33%
Date of Birth11th August 1981
14%

Score Distribution

Percentile by Number Answered

Percent of People with Each Score

Your Score History

You have not taken this quiz